000
00370nam a2200169Ia 4500
003
LK-CoDNM
008
010623t xxu||||| |||| 00| 1 sin d
040
_a
LK-CoDNM
_d
LK-CoDNM
_e
LK-CoDNM
041
_a
sin
080
_a
78SIN
245
_a
ආදර කෑලි
246
_a
Adara keeli
300
_b
18, 25 cm
650
_a
Music
650
_a
Songs
942
_c
BK
999
_c
137367
_d
137367